000 00844cam a2200229 4500
001 ABS64673
008 011105n2001 000 0 eng u
035 _a(Sirsi) u115473
100 _aTinworth, A.
245 _aDo-it-yourself particulars
260 _c2001
490 _aEstates Gazette
_v(0143) 27 October 2001, 174(1)
520 _aDiscusses Lonres.com, a website of London residential property which allows agents to print their own logo on sales material. This offers a solution to the issue of re-photocopied details of other agents letterheads and improves the flow of information between co-operating agents and their clients.
590 _aABS
650 _aWEBSITE
650 _aLONDON MARKETS
650 _aHOUSING MARKET
650 _aRESIDENTIAL AGENTS
650 _aLONRES.COM
690 _aHOUSING
942 _n0
999 _c68778
_d68778